[Event "Haustmót Taflfélags Reykjavíkur 2015, C-flokkur"]
[Site "Faxafen 12, Reykjavík"]
[Date "2015.09.13"]
[Round "1.1"]
[White "Davidsson, Oskar Vikingur"]
[Black "Ragnarsson, Heimir Pall"]
[Result "1/2-1/2"]
[BlackElo "1712"]
[EventDate "2015.09.13"]
[PlyCount "0"]
[WhiteElo "1742"]

1. e4 Nf6 2. e5 Nd5 3. c4 Nb6 4. d4 d6 5. exd6 cxd6 6. Nc3 g6 7. Be3 Bg7 8. Nf3
O-O 9. Rc1 Bf5 10. Bd3 Bxd3 11. Qxd3 N8d7 12. O-O Rc8 13. Ne4 Nf6 14. Nxf6+
Bxf6 15. b3 Bg7 16. d5 a6 17. Bd4 Bxd4 18. Qxd4 Nd7 19. Ne1 Qa5 20. Rc2 Qc5 21.
Qe4 Ne5 22. Nd3 Nxd3 23. Qxd3  1/2-1/2

[Event "Haustmót Taflfélags Reykjavíkur 2015, C-flokkur"]
[Site "Faxafen 12, Reykjavík"]
[Date "2015.09.13"]
[Round "1.2"]
[White "Jonasson, Hordur"]
[Black "Mai, Aron Thor"]
[Result "0-1"]
[BlackElo "1502"]
[EventDate "2015.09.13"]
[PlyCount "0"]
[WhiteElo "1551"]

1. e4 c6 2. d4 d5 3. Nc3 dxe4 4. Nxe4 Bf5 5. Ng3 Bg6 6. h4 h6 7. Nf3 Nd7 8. Bd3
Bxd3 9. Qxd3 Ngf6 10. Be3 e6 11. O-O-O Be7 12. Ne2 Ng4 13. g3 Nxe3 14. fxe3 Nb6
15. Kb1 Qc7 16. Nf4 Bd6 17. c4 Bxf4 18. gxf4 O-O-O 19. Qc3 f6 20. h5 Kb8 21.
Rhg1 Qf7 22. Rg6 Nd7 23. Rh1 Rhe8 24. Rd1 Nf8 25. Rg2 Qxh5 26. e4 Qf7 27. Rgd2
Ng6 28. Qe3 Ne7 29. f5 exf5 30. Qf4+ Ka8 31. exf5 Qxc4 32. Rg1 Nd5 33. Qh2 Nb4
34. b3 Qd5 35. Qh5 Re7 36. Qg4 Rde8 37. Kb2 Qa5 38. Kb1 Nd5 39. Rc1 Re3 40.
Rcc2  0-1

[Event "Haustmót Taflfélags Reykjavíkur 2015, C-flokkur"]
[Site "Faxafen 12, Reykjavík"]
[Date "2015.09.13"]
[Round "1.3"]
[White "Luu, Robert"]
[Black "Vignisson, Ingvar Egill"]
[Result "1-0"]
[BlackElo "1549"]
[EventDate "2015.09.13"]
[PlyCount "0"]
[WhiteElo "1490"]

1. d4 d5 2. Nf3 Nf6 3. Bg5 e6 4. Nbd2 Nbd7 5. c3 Be7 6. e3 O-O 7. Bd3 h6 8. Bh4
c5 9. O-O cxd4 10. cxd4 Ne8 11. Bxe7 Qxe7 12. Ne5 Nxe5 13. dxe5 Bd7 14. f4 Qc5
15. Qe2 Rc8 16. Rf3 f6 17. Raf1 fxe5 18. fxe5 Nc7 19. Nb3 Qe7 20. Qf2 Rxf3 21.
Qxf3 Rf8 22. Bh7+ Kxh7 23. Qxf8 Qg5 24. Qf4 Qd8 25. e4 Bc6 26. Na5 d4 27. Nxc6
bxc6 28. Rd1 c5 29. Qd2 Na8 30. Rc1 Qb6 31. b3 Nc7 32. Rf1 d3 33. Kh1 c4 34.
bxc4 Qd4 35. Rd1 Qxc4 36. Rc1 Qxe4 37. Rxc7 Qxe5 38. Qxd3+ Kg8 39. Rc1 Qf4 40.
Rc8+ Kf7 41. Qf3 g5  1-0

[Event "Haustmót Taflfélags Reykjavíkur 2015, C-flokkur"]
[Site "Faxafen 12, Reykjavík"]
[Date "2015.09.13"]
[Round "1.4"]
[White "Gudmarsson, Olafur"]
[Black "Jonsson, Gauti Pall"]
[Result "0-1"]
[BlackElo "1769"]
[EventDate "2015.09.13"]
[PlyCount "0"]
[WhiteElo "1667"]

1. d4 Nf6 2. c4 e6 3. Nc3 Bb4 4. Bg5 c5 5. e3 O-O 6. Qf3 cxd4 7. exd4 Nc6 8.
Bxf6 gxf6 9. a3 Be7 10. O-O-O f5 11. Nh3 Bf6 12. Qd3 Bxd4 13. f4 Qf6 14. Kc2 a6
15. Ng5 b5 16. Qg3 Kh8 17. Qh3 h6 18. cxb5 axb5 19. Bxb5 Bxc3 20. bxc3 Rxa3 21.
Bxc6 dxc6 22. Rd6 Kg7 23. Kb2 Ra6 24. Nf3 Rb6+ 25. Kc2 Ba6 26. Ne5 Rfb8 27.
Rhd1 Rb2+ 28. Kc1 Rb1+ 29. Kd2 R8b2+ 30. Ke3 Re2+ 31. Kf3 Rxd1 32. Rxd1 Rc2 33.
Qg3+ Kh7 34. Qe1 Be2+ 35. Qxe2 Rxe2 36. Kxe2 Qh4 37. Rd7 Qxh2 38. Kf3 Qh1 39.
Rxf7+ Kg8 40. Rf6 Qe1 41. Rxe6 Qxc3+ 42. Kf2 Qd4+ 43. Kg3 Qe3+ 44. Kh2 Qxf4+
45. g3 Qf2+ 46. Kh3 Qf1+ 47. Kh2 c5 48. g4 f4 49. g5 Qf2+ 50. Kh1 Qh4+ 51. Kg1
hxg5 52. Re8+ Kg7  0-1

[Event "Haustmót Taflfélags Reykjavíkur 2015, C-flokkur"]
[Site "Faxafen 12, Reykjavík"]
[Date "2015.09.13"]
[Round "1.5"]
[White "Magnusdottir, Veronika Steinun"]
[Black "Briem, Hedinn"]
[Result "1-0"]
[BlackElo "1488"]
[EventDate "2015.09.13"]
[PlyCount "0"]
[WhiteElo "1843"]

1. e4 e6 2. d4 d5 3. Nc3 Nf6 4. e5 Nfd7 5. f4 c5 6. Nf3 a6 7. Be3 Nc6 8. Qd2
cxd4 9. Nxd4 Nxd4 10. Bxd4 Bb4 11. a3 Qa5 12. O-O-O Bxa3 13. bxa3 Qxa3+ 14. Kb1
Qb4+ 15. Ka1 b6 16. Na2 Qa4 17. Rb1 O-O 18. Rb4 Qa5 19. Qe3 b5 20. Bd3 Bb7 21.
f5 exf5 22. Bxf5 Qc7 23. Qh3  1-0

[Event "Haustmót Taflfélags Reykjavíkur 2015, C-flokkur"]
[Site "Faxafen 12, Reykjavík"]
[Date "2015.09.16"]
[Round "2.1"]
[White "Ragnarsson, Heimir Pall"]
[Black "Briem, Hedinn"]
[Result "1/2-1/2"]
[BlackElo "1488"]
[EventDate "2015.09.13"]
[PlyCount "0"]
[WhiteElo "1712"]

1. c4 b6 2. Nf3 Bb7 3. g3 Bxf3 4. exf3 c5 5. Bg2 Nc6 6. f4 Qc7 7. b3 Nf6 8. Bb2
Rd8 9. O-O Nd4 10. Nc3 e6 11. Re1 Be7 12. d3 O-O 13. Ne2 Nc6 14. Qc2 d5 15.
Rad1 dxc4 16. dxc4 Nb4 17. Qb1 Rxd1 18. Rxd1 Rd8 19. a3 Rxd1+ 20. Qxd1 Nc6 21.
Qd3 Na5 22. Bc3 Nb7 23. Qf3 Nd6 24. Be5 Qd8 25. Nc3 Nd7 26. Bxd6 Bxd6 27. Nb5
Bb8 28. Qb7 a5 29. a4 Nf6 30. Na7 Bxa7 31. Qxa7 h6 32. Qa8 Qxa8 33. Bxa8 Kf8
34. Kf1 Ke7 35. Ke2 Ne8 36. Be4 Nd6 37. f3 Nf5 38. Bxf5 exf5 39. g4 Ke6 40. h4
fxg4 41. fxg4 f5 42. Kf3 g6  1/2-1/2

[Event "Haustmót Taflfélags Reykjavíkur 2015, C-flokkur"]
[Site "Faxafen 12, Reykjavík"]
[Date "2015.09.16"]
[Round "2.2"]
[White "Jonsson, Gauti Pall"]
[Black "Magnusdottir, Veronika Steinun"]
[Result "1-0"]
[BlackElo "1843"]
[EventDate "2015.09.13"]
[PlyCount "0"]
[WhiteElo "1769"]

1. e4 c5 2. Nf3 e6 3. d4 cxd4 4. Nxd4 a6 5. Bd3 Ne7 6. Be3 Nbc6 7. c4 Ng6 8. O-O
Be7 9. Nc3 O-O 10. Kh1 Qc7 11. Rc1 Nce5 12. Be2 Nxc4 13. Bxc4 Qxc4 14. Nd5 Qxa2
15. Nb6 Rb8 16. Qd2 Ne5 17. Ra1 Nc4 18. Rxa2 Nxd2 19. Bxd2 Bc5 20. Nxc8 Rbxc8
21. Nb3 Ba7 22. Bc3 Rfd8 23. Raa1 d5 24. exd5 Rxd5 25. g3 h5 26. h4 g5 27. hxg5
Rxg5 28. Kg2 Rc4 29. Rad1 Bb6 30. Rd7 Bc7 31. Nd2 Rc6 32. Ne4 Rb5 33. Rfd1 e5
34. Rh1 Kg7 35. Rxh5  1-0

[Event "Haustmót Taflfélags Reykjavíkur 2015, C-flokkur"]
[Site "Faxafen 12, Reykjavík"]
[Date "2015.09.16"]
[Round "2.3"]
[White "Vignisson, Ingvar Egill"]
[Black "Gudmarsson, Olafur"]
[Result "1-0"]
[BlackElo "1667"]
[EventDate "2015.09.13"]
[PlyCount "0"]
[WhiteElo "1549"]

1. e4 e6 2. d4 c5 3. d5 d6 4. c4 Nf6 5. Nc3 Be7 6. Be2 O-O 7. Nf3 e5 8. h3 h6 9.
O-O Nh7 10. Qc2 Ng5 11. Bxg5 Bxg5 12. Rab1 a6 13. a3 Nd7 14. b4 b6 15. Na4 a5
16. bxc5 Nxc5 17. Nxb6 Rb8 18. Nxc8 Rxc8 19. Rb5 Be7 20. Nd2 a4 21. Bg4 Rb8 22.
Rfb1 Qc7 23. Qc3 g6 24. Rxb8 Rxb8 25. Rxb8+ Qxb8 26. Qb4 Qxb4 27. axb4 Nd3 28.
b5 a3 29. b6 Bd8 30. b7 Bc7 31. Nb3 Nc5 32. Bd1 Nxe4 33. Kf1 Kf8 34. Ke2 Nc5
35. Nxc5 dxc5 36. Bb3 Ke8 37. Kd2 Kd8 38. Kc2 Bd6 39. Ba4 f5 40. Kb3 Kc7 41.
Bc6 e4 42. Kxa3 Bg3 43. fxg3 e3 44. d6+  1-0

[Event "Haustmót Taflfélags Reykjavíkur 2015, C-flokkur"]
[Site "Faxafen 12, Reykjavík"]
[Date "2015.09.16"]
[Round "2.4"]
[White "Mai, Aron Thor"]
[Black "Luu, Robert"]
[Result "1-0"]
[BlackElo "1490"]
[EventDate "2015.09.13"]
[PlyCount "0"]
[WhiteElo "1502"]

1. e4 c6 2. f3 d5 3. d4 dxe4 4. fxe4 e5 5. Nf3 exd4 6. Bc4 Bg4 7. Bxf7+ Kxf7 8.
Ne5+ Ke8 9. Nxg4 Nf6 10. O-O Nxg4 11. Qxg4 Qd7 12. Qh5+ Kd8 13. Rf7 Qe6 14.
Rxb7 Qxe4 15. Qa5+ Ke8 16. Bg5 Qd5 17. Qe1+  1-0

[Event "Haustmót Taflfélags Reykjavíkur 2015, C-flokkur"]
[Site "Faxafen 12, Reykjavík"]
[Date "2015.09.16"]
[Round "2.5"]
[White "Davidsson, Oskar Vikingur"]
[Black "Jonasson, Hordur"]
[Result "1/2-1/2"]
[BlackElo "1551"]
[EventDate "2015.09.13"]
[PlyCount "0"]
[WhiteElo "1742"]

1. e4 c6 2. d4 d5 3. Nc3 dxe4 4. Nxe4 Bf5 5. Ng3 Bg6 6. h4 h6 7. Nf3 Nd7 8. h5
Bh7 9. Bd3 Bxd3 10. Qxd3 e6 11. Bd2 Ngf6 12. O-O-O Bd6 13. Kb1 Qc7 14. Nf1 Ng4
15. Qe2 O-O-O 16. Ne3 Nxe3 17. Bxe3 Nf6 18. c4 Bf4 19. Rh4 Bxe3 20. Qxe3 Kb8
21. Ne5 c5 22. b3 Rhf8 23. Rhh1 cxd4 24. Rxd4 Rxd4 25. Qxd4 Rd8 26. Qe3 Ne8 
1/2-1/2

[Event "Haustmót Taflfélags Reykjavíkur 2015, C-flokkur"]
[Site "Faxafen 12, Reykjavík"]
[Date "2015.09.20"]
[Round "3.1"]
[White "Jonasson, Hordur"]
[Black "Ragnarsson, Heimir Pall"]
[Result "1/2-1/2"]
[BlackElo "1712"]
[EventDate "2015.09.13"]
[PlyCount "0"]
[WhiteElo "1551"]

1. e4 c5 2. Nf3 d6 3. d4 cxd4 4. Nxd4 Nf6 5. Nc3 g6 6. f3 a6 7. Bc4 b5 8. Bb3
Bb7 9. Be3 Nbd7 10. a3 Bg7 11. O-O Rc8 12. Qd2 h5 13. Rad1 Ne5 14. Nde2 Nfd7
15. Bd4 O-O 16. Ba2 Nc5 17. Kh1 Nc6 18. Bxg7 Kxg7 19. Nd4 Nxd4 20. Qxd4+ f6 21.
Rd2 Qd7 22. Nd5 Rc6 23. Nc3 Ne6 24. Qe3 Rfc8 25. Bb3 Nc5 26. Ba2 R6c7 27. Qe2
Rc6 28. Rc1 Ne6 29. Nd5  1/2-1/2

[Event "Haustmót Taflfélags Reykjavíkur 2015, C-flokkur"]
[Site "Faxafen 12, Reykjavík"]
[Date "2015.09.20"]
[Round "3.2"]
[White "Luu, Robert"]
[Black "Davidsson, Oskar Vikingur"]
[Result "0-1"]
[BlackElo "1742"]
[EventDate "2015.09.13"]
[PlyCount "0"]
[WhiteElo "1490"]

1. d4 Nf6 2. Nf3 e6 3. Bg5 Be7 4. Nbd2 b6 5. c3 Bb7 6. e3 h6 7. Bh4 O-O 8. Bd3
d6 9. O-O Nbd7 10. e4 c5 11. h3 Nh5 12. Bxe7 Qxe7 13. Nh2 Nf4 14. Ndf3 cxd4 15.
cxd4 e5 16. dxe5 dxe5 17. Bc2 Nc5 18. Re1 Rfd8 19. Qb1 Qe6 20. Ng4 Ng6 21. b3
h5 22. Ne3 Nf4 23. Nf1 Rd6 24. Re3 Rad8 25. Qb2 Ba6 26. Qxe5 Qxe5 27. Nxe5 Bxf1
28. Rxf1 Re8 29. Nc4 Rg6 30. Rg3 Ne2+ 31. Kh2 Nxg3 32. fxg3 Nxe4 33. Re1 Rge6
34. Re3 Nc5 35. Rxe6 Rxe6 36. Bd1 g6 37. g4 Re1 38. Bf3 hxg4 39. Bxg4 Ra1 40.
a3 Nxb3 41. Bd7 Nc5 42. Bc6 Rc1 43. Ne5 Rc3 44. a4 Nd3 45. Nxd3 Rxc6 46. Kg1
Rc4  0-1

[Event "Haustmót Taflfélags Reykjavíkur 2015, C-flokkur"]
[Site "Faxafen 12, Reykjavík"]
[Date "2015.09.20"]
[Round "3.3"]
[White "Gudmarsson, Olafur"]
[Black "Mai, Aron Thor"]
[Result "1-0"]
[BlackElo "1502"]
[EventDate "2015.09.13"]
[PlyCount "0"]
[WhiteElo "1667"]

1. d4 Nf6 2. c4 g6 3. Nc3 Bg7 4. Nf3 O-O 5. e4 d6 6. h3 e5 7. dxe5 dxe5 8. Bg5
Qe8 9. Bxf6 Bxf6 10. Nd5 Bd8 11. Qc2 c6 12. Ne3 Bf6 13. Be2 a5 14. O-O Qe7 15.
Rfd1 Na6 16. a3 Nc5 17. b4 Na6 18. c5 Be6 19. Bxa6 Rxa6 20. Qc3 a4 21. Rd6 Bg7
22. Rad1 f5 23. Nd2 b5 24. f3 f4 25. Nd5 Bxd5 26. exd5 e4 27. Qc2 exf3 28. Nxf3
Qe3+ 29. Kh1 Qxa3 30. Qe4 Raa8 31. Qe6+ Kh8 32. Ng5 f3 33. Nf7+ Rxf7 34. Qxf7
fxg2+ 35. Kxg2 Rf8 36. Qxf8+ Bxf8 37. Rd8 Qb2+ 38. Kg1 Qf6 39. dxc6 Qf3 40.
Rxf8+ Qxf8 41. c7 Kg7 42. Rd8 Qe7 43. c8=Q Qe3+ 44. Kf1 Qf3+ 45. Ke1 Qc3+ 46.
Ke2 Qc2+ 47. Ke3 Qc3+ 48. Ke4 Qxb4+ 49. Kd5 Qc4+ 50. Kc6 b4 51. Rd7+ Kh6 52.
Qf8+ Kh5 53. Rxh7+ Kg5 54. Qh6+ Kf5 55. Qf8+ Kg5 56. Qe7+ Kf5 57. Rf7+ Qxf7 58.
Qxf7+ Ke5 59. Kb5 b3 60. Kxa4 b2 61. Qb3 g5 62. Qxb2+ Kf4 63. Qg2 g4 64. Qxg4+
Ke5 65. c6 Kd5 66. c7 Kd6 67. c8=Q Kd5 68. Qcf5+ Kd6 69. Qgg6+ Ke7 70. Qff7+
Kd8 71. Qgg8#  1-0

[Event "Haustmót Taflfélags Reykjavíkur 2015, C-flokkur"]
[Site "Faxafen 12, Reykjavík"]
[Date "2015.09.20"]
[Round "3.4"]
[White "Magnusdottir, Veronika Steinun"]
[Black "Vignisson, Ingvar Egill"]
[Result "1-0"]
[BlackElo "1549"]
[EventDate "2015.09.13"]
[PlyCount "0"]
[WhiteElo "1843"]

1. e4 c5 2. Nf3 d6 3. d4 cxd4 4. Nxd4 Nf6 5. Nc3 a6 6. h3 g6 7. g4 h5 8. gxh5
Nxh5 9. Bc4 Nc6 10. Be3 Nxd4 11. Bxd4 Bg7 12. Bxg7 Nxg7 13. Qd4 Kf8 14. O-O-O
b5 15. Bb3 Bb7 16. Nd5 Bxd5 17. Qxd5 Ne6 18. e5 Rh5 19. Rhe1 dxe5 20. Qf3 Qc8
21. Bxe6  1-0

[Event "Haustmót Taflfélags Reykjavíkur 2015, C-flokkur"]
[Site "Faxafen 12, Reykjavík"]
[Date "2015.09.20"]
[Round "3.5"]
[White "Briem, Hedinn"]
[Black "Jonsson, Gauti Pall"]
[Result "0-1"]
[BlackElo "1769"]
[EventDate "2015.09.13"]
[PlyCount "0"]
[WhiteElo "1488"]

1. f4 d5 2. Nf3 Nf6 3. g3 c5 4. Bg2 Nc6 5. O-O g6 6. b3 Bg7 7. Bb2 O-O 8. Kh1 d4
9. Na3 Re8 10. Nc4 Nd5 11. e4 dxe3 12. Bxg7 Kxg7 13. Nxe3 Nxe3 14. dxe3 Qc7 15.
Qd2 f6 16. Qc3 b6 17. Nd4 Bd7 18. Nxc6 Bxc6 19. Bxc6 Qxc6+ 20. Kg1 Rad8 21.
Rad1 Qe4 22. Rd3 Rd5 23. Qc4 Qxc4 24. bxc4 Rd6 25. Rfd1 Red8 26. Rd5 Rxd5 27.
cxd5 f5 28. a4 e6 29. d6 Kf6 30. c4 e5 31. Rd5 exf4 32. exf4 Ke6 33. Re5+ Kxd6
34. Rd5+ Kc7 35. Rxd8 Kxd8 36. Kf2 Kd7 37. Ke2 Kc6 38. Kd3 a6 39. h3 b5 40. a5
bxc4+ 41. Kxc4 h5 42. h4 Kd6 43. Kc3 Kd5 44. Kd3 c4+ 45. Kc2 Kd4 46. Kd2 c3+
47. Kc1 Kd3 48. Kd1 c2+ 49. Kc1 Kc3 50. g4 hxg4 51. h5 g3  0-1

[Event "Haustmót Taflfélags Reykjavíkur 2015, C-flokkur"]
[Site "Faxafen 12, Reykjavík"]
[Date "2015.09.30"]
[Round "4.1"]
[White "Ragnarsson, Heimir Pall"]
[Black "Jonsson, Gauti Pall"]
[Result "0-1"]
[BlackElo "1769"]
[EventDate "2015.09.13"]
[PlyCount "0"]
[WhiteElo "1712"]

1. c4 e5 2. g3 Nc6 3. Bg2 f5 4. Nc3 Nf6 5. d3 Bc5 6. a3 a5 7. e4 d6 8. Nge2 O-O
9. O-O Qe8 10. b3 Qh5 11. Bb2 f4 12. gxf4 Bg4 13. fxe5 Nxe5 14. Qd2 Nf3+ 15.
Bxf3 Bxf3 16. Qf4 Bxe2 17. Nxe2 Qxe2 18. Bc3 Nh5 19. Qg5 Bxf2+ 20. Kh1 Be3 21.
Qd5+ Kh8 22. Rf5 Nf4 23. Rxf4 Rxf4 24. Bxg7+ Kxg7 25. h3 Rf1+ 26. Rxf1 Qxf1+
27. Kh2 Qg1#  0-1

[Event "Haustmót Taflfélags Reykjavíkur 2015, C-flokkur"]
[Site "Faxafen 12, Reykjavík"]
[Date "2015.09.30"]
[Round "4.2"]
[White "Vignisson, Ingvar Egill"]
[Black "Briem, Hedinn"]
[Result "1-0"]
[BlackElo "1488"]
[EventDate "2015.09.13"]
[PlyCount "0"]
[WhiteElo "1549"]

1. e4 g6 2. d4 Bg7 3. Nc3 d6 4. Be3 Nf6 5. Be2 O-O 6. Qd2 e5 7. O-O-O exd4 8.
Bxd4 Nc6 9. Be3 Re8 10. f3 Be6 11. g4 d5 12. exd5 Bxd5 13. g5 Ng4 14. Nxd5 Nxe3
15. Nxe3 Qxg5 16. Ng4 Qe7 17. Bc4 Ne5 18. Nxe5 Qxe5 19. c3 Rad8 20. Qxd8 Bh6+
21. Kc2 Rxd8 22. Rxd8+ Kg7 23. Ne2 b5 24. Rd5 Qe3 25. Rxb5 Qxf3 26. Rd1 Qe4+
27. Kb3 a6 28. Rb8 Qc6 29. Nd4 Qg2 30. Rf1 f5 31. Nxf5+  1-0

[Event "Haustmót Taflfélags Reykjavíkur 2015, C-flokkur"]
[Site "Faxafen 12, Reykjavík"]
[Date "2015.09.30"]
[Round "4.3"]
[White "Mai, Aron Thor"]
[Black "Magnusdottir, Veronika Steinun"]
[Result "1/2-1/2"]
[BlackElo "1843"]
[EventDate "2015.09.13"]
[PlyCount "0"]
[WhiteElo "1502"]

1. e4 c5 2. Nf3 d6 3. d4 cxd4 4. Nxd4 Nf6 5. Nc3 Nc6 6. Bc4 e6 7. O-O Be7 8. f4
Qb6 9. Be3 Nxd4 10. Bxd4 Qc7 11. Bd3 a6 12. Be3 b5 13. Qf3 Bb7 14. Nd1 d5 15.
Nf2 Rc8 16. c3 dxe4 17. Nxe4 Nd5 18. Kh1 f5 19. Ng5 Nb4 20. Nxe6 Bxf3 21. Nxc7+
Rxc7 22. cxb4 Be4 23. Bxe4 fxe4 24. Bd2 Rc2 25. Bc3 O-O 26. g3 e3 27. Rfe1 e2
28. Rac1 Rxc1 29. Rxc1 Rd8 30. Re1 Rd1 31. Kg2 Rxe1 32. Bxe1 Bf6 33. b3 Kf7 34.
Kf3 Ke6 35. Kxe2 Kd5 36. Kd3 Bd4 37. g4 g6 38. Bd2 Bf6 39. Ke3 Bd4+ 40. Kf3 Bg7
41. Be3 Bc3 42. Bc5 a5 43. h4 axb4 44. Ba7 Bd2 45. Be3 Bc3 46. h5 Bb2 47. hxg6
hxg6 48. Bb6 Bf6 49. Ke3 Bg7 50. Bc7 Bd4+ 51. Kd3 Bf6 52. f5 gxf5 53. gxf5 Bg5
54. Ba5 Be7 55. f6 Bxf6 56. Bxb4 Be5 57. Bc3 Bd6  1/2-1/2

[Event "Haustmót Taflfélags Reykjavíkur 2015, C-flokkur"]
[Site "Faxafen 12, Reykjavík"]
[Date "2015.09.30"]
[Round "4.4"]
[White "Davidsson, Oskar Vikingur"]
[Black "Gudmarsson, Olafur"]
[Result "1/2-1/2"]
[BlackElo "1667"]
[EventDate "2015.09.13"]
[PlyCount "0"]
[WhiteElo "1742"]

1. e4 Nc6 2. d4 e5 3. d5 Nce7 4. Nf3 Ng6 5. Be3 Bb4+ 6. c3 Be7 7. Bb5 Nf6 8.
Nbd2 O-O 9. c4 Ng4 10. Qe2 d6 11. h3 Nxe3 12. Qxe3 Nf4 13. O-O Bg5 14. Qe1 f5
15. Kh2 Nd3 16. Qe2 Nc5 17. b4 Nxe4 18. Nxe4 fxe4 19. Qxe4 Bf5 20. Qe2 Bf6 21.
Rac1 Qe7 22. Nd2 Bg5 23. Rce1 Qf7 24. Ne4 Bxe4 25. Qxe4 Bd2 26. Rb1 Qf4+ 27.
Qxf4 Rxf4 28. Rb2 Bc3 29. Rb3 Bd4 30. f3 Raf8 31. Rc1 e4 32. Rf1 exf3 33. Rbxf3
Rxf3 34. Rxf3 Rxf3 35. gxf3 Bc3 36. Bd7 Bxb4 37. Bc8 b6 38. a4 Kf7 39. Kg3 Kf6
40. Kf4 h5 41. Ke4 Bd2 42. Bd7 Kg5 43. Bc8 g6 44. Bd7 Bc1 45. Bc8 Bb2 46. Bd7
Ba1 47. Bc8 Kh4 48. Bd7 Kg3 49. Bc8 Bf6 50. Bd7 Bh8 51. Bc8  1/2-1/2

[Event "Haustmót Taflfélags Reykjavíkur 2015, C-flokkur"]
[Site "Faxafen 12, Reykjavík"]
[Date "2015.09.30"]
[Round "4.5"]
[White "Jonasson, Hordur"]
[Black "Luu, Robert"]
[Result "1/2-1/2"]
[BlackElo "1490"]
[EventDate "2015.09.13"]
[PlyCount "0"]
[WhiteElo "1551"]

1. e4 b6 2. g3 Bb7 3. Bg2 e6 4. Ne2 Ne7 5. b3 d6 6. Bb2 e5 7. d4 Nbc6 8. dxe5
dxe5 9. O-O Ng6 10. c3 Qxd1 11. Rxd1 Bd6 12. Nd2 O-O 13. Nc4 Be7 14. Rd7 Rac8
15. Rad1 Rfd8 16. Ba3 Bxa3 17. Nxa3 Nf8 18. Rxd8 Rxd8 19. Rxd8 Nxd8 20. Nb5 Ba6
21. c4 Bxb5 22. cxb5 c6 23. bxc6 Nxc6 24. Bh3 Ng6 25. Bd7 Nb4 26. Nc3 Ne7 27.
f4 exf4 28. gxf4 Ng6 29. f5 Ne5 30. Bb5 Kf8 31. Kg2 Ke7 32. Kg3 Kd6 33. Kf4 f6
34. Be2 Kc5 35. Ke3 Nc2+ 36. Kd2 Nd4 37. h3 Nxe2 38. Nxe2 Nf3+ 39. Kd3 Ne1+ 40.
Kc3 Nf3 41. Ng3 g6 42. fxg6 hxg6 43. a3 a5 44. Kd3 Ne5+ 45. Kc3 Nf3 46. Kd3 
1/2-1/2

[Event "Haustmót Taflfélags Reykjavíkur 2015, C-flokkur"]
[Site "Faxafen 12, Reykjavík"]
[Date "2015.10.04"]
[Round "5.1"]
[White "Luu, Robert"]
[Black "Ragnarsson, Heimir Pall"]
[Result "1/2-1/2"]
[BlackElo "1712"]
[EventDate "2015.09.13"]
[PlyCount "0"]
[WhiteElo "1490"]

1. d4 Nf6 2. Nf3 d6 3. Bg5 g6 4. Nbd2 Bg7 5. c3 Bf5 6. e3 O-O 7. Be2 Nbd7 8. O-O
c5 9. h3 cxd4 10. exd4 Nb6 11. Nc4 Rc8 12. Nxb6 Qxb6 13. Qb3 Qxb3 14. axb3 a6
15. b4 Rc7 16. b5 axb5 17. Bxb5 Ne4 18. Be3 Rfc8 19. Ra7 d5 20. Bf4 Bd7 21.
Bxd7 Rxd7 22. Rfa1 Nd6 23. Ra8 Rdd8 24. R8a7 Rb8 25. Ne5 Bxe5 26. Bxe5 f6 
1/2-1/2

[Event "Haustmót Taflfélags Reykjavíkur 2015, C-flokkur"]
[Site "Faxafen 12, Reykjavík"]
[Date "2015.10.04"]
[Round "5.2"]
[White "Gudmarsson, Olafur"]
[Black "Jonasson, Hordur"]
[Result "1-0"]
[BlackElo "1551"]
[EventDate "2015.09.13"]
[PlyCount "0"]
[WhiteElo "1667"]

1. d4 Nf6 2. c4 g6 3. Nc3 Bg7 4. e4 d6 5. h3 O-O 6. Be3 e5 7. dxe5 dxe5 8. Qxd8
Rxd8 9. Bg5 c6 10. Nf3 Re8 11. Rd1 h6 12. Be3 a5 13. Be2 Nbd7 14. O-O a4 15.
Rd2 b6 16. Nh2 Nh7 17. Bd1 a3 18. Ba4 Re6 19. Rfd1 Bf8 20. bxa3 Nc5 21. Bxc5
Bxc5 22. Bb3 Re8 23. Na4 Bxa3 24. Nxb6 Rb8 25. Rd8 Kf8 26. Rxe8+ Kxe8 27. Nxc8
Rxc8 28. Ng4 Ng5 29. f3 Bb2 30. Nxh6 Bd4+ 31. Kf1 c5 32. Ba4+ Ke7 33. Bb5 Ra8
34. a4 Ne6 35. Rb1 Rb8 36. Ng4 Nc7 37. Rd1 Nxb5 38. axb5 Rb6 39. Rd3 Rb7 40.
Ra3 f5 41. Nf2 Bxf2 42. Kxf2 f4 43. Ra6 Kf7 44. Rc6  1-0

[Event "Haustmót Taflfélags Reykjavíkur 2015, C-flokkur"]
[Site "Faxafen 12, Reykjavík"]
[Date "2015.10.04"]
[Round "5.3"]
[White "Magnusdottir, Veronika Steinun"]
[Black "Davidsson, Oskar Vikingur"]
[Result "1-0"]
[BlackElo "1742"]
[EventDate "2015.09.13"]
[PlyCount "0"]
[WhiteElo "1843"]

1. e4 c5 2. Nf3 e6 3. d4 cxd4 4. Nxd4 Nc6 5. Nc3 Qc7 6. Be2 a6 7. O-O Nf6 8. Be3
Bb4 9. Nxc6 Bxc3 10. bxc3 bxc6 11. Qd4 d5 12. exd5 cxd5 13. Bf4 Qe7 14. Be3 Bd7
15. c4 Bc6 16. cxd5 Qd7 17. Rad1 Bxd5 18. Qe5 O-O 19. c4 Bf3 20. Rxd7 Nxd7 21.
Qc7 Bxe2 22. Re1 Rac8 23. Qxd7 Bxc4 24. Rc1 Rfd8  1-0

[Event "Haustmót Taflfélags Reykjavíkur 2015, C-flokkur"]
[Site "Faxafen 12, Reykjavík"]
[Date "2015.10.04"]
[Round "5.5"]
[White "Jonsson, Gauti Pall"]
[Black "Vignisson, Ingvar Egill"]
[Result "1-0"]
[BlackElo "1549"]
[EventDate "2015.09.13"]
[PlyCount "0"]
[WhiteElo "1769"]

1. e4 c5 2. Nf3 d6 3. d4 cxd4 4. Nxd4 Nf6 5. f3 e5 6. Nb3 a6 7. c4 Be6 8. Nc3
Nbd7 9. Be3 Be7 10. Be2 Nb6 11. Nd5 Bxd5 12. exd5 O-O 13. O-O Rc8 14. Nd2 Ne8
15. Qb3 Nd7 16. Qxb7 Rb8 17. Qxa6 Rxb2 18. Rfb1 Qb8 19. Rxb2 Qxb2 20. Rb1 Qc2
21. Qa3 Nc5 22. Rc1 Qg6 23. Qa7 Bg5 24. Qa3 f5 25. Bxg5 Qxg5 26. Qc3 Na4 27.
Qc2 Qe3+ 28. Kf1 e4 29. Qxa4 Qxd2 30. Qc2 Qh6 31. Kg1 e3 32. c5 dxc5 33. Qxc5
Nd6 34. Qd4 Rc8 35. Rxc8+ Nxc8 36. f4 Qd6 37. Qxe3 Kf7 38. h3 Qxd5 39. Qb3 Qxb3
40. axb3 Ke6 41. Kf2 Nd6 42. Bc4+ Kd7 43. Ke3 Ne4 44. g4 fxg4 45. Kxe4 gxh3 46.
Kf3 Kd6 47. Kg3 h6 48. Kxh3 g5 49. fxg5 hxg5 50. Kg4 Kc5 51. Kxg5 Kb6 52. b4
Kc7 53. b5 Kb8 54. Kf5 Kb7 55. Ke5 Kb8 56. Kd6 Kb7 57. Kc5 Kc7 58. b6+ Kb7 59.
Kb5 Kb8 60. Kc6 Ka8 61. Ba2 Kb8 62. b7  1-0